[Event "AUS-ch Minor"]
[Site "Cammeray"]
[Date "2013.01.12"]
[Round "10"]
[White "Accola, Tom"]
[Black "Wang, Chong"]
[Result "0-1"]
[WhiteElo "1009"]
[BlackElo "1187"]
[PlyCount "80"]
[EventDate "2013.01.02"]
[EventType "swiss"]
[EventRounds "11"]
[EventCountry "AUS"]
[SourceTitle "EXT 2022"]
[Source "ChessBase"]
[SourceDate "2021.10.06"]
[SourceVersion "1"]
[SourceVersionDate "2021.10.06"]
[SourceQuality "1"]

1. d4 Nf6 2. Nf3 g6 3. e3 Bg7 4. c4 0-0 5. Nbd2 c5 6. b3 Nc6 7. Bb2 d6 8. Be2 Bf5 9. 0-0 cxd4 10. exd4 Qb6 11. d5 Nb4 12. Bd4 Qa5 13. Bc3 Qb6 14. Bxb4 Qxb4 15. Nd4 Ne4 16. Nxe4 Bxe4 17. f3 Qc5 18. fxe4 Bxd4+ 19. Kh1 Bxa1 20. Qxa1 a5 21. Rb1 Qe3 22. Bg4 Qxe4 23. Bd7 Rfd8 24. Re1 Qh4 25. Bh3 f5 26. Re3 a4 27. Rc3 Qf6 28. b4 Rdc8 29. Qc1 Rc7 30. g3 Rac8 31. Bf1 Qd4 32. b5 Kf7 33. b6 Qxb6 34. a3 Qd4 35. Kg2 b5 36. Qe1 Qe4+ 37. Kf2 Qxe1+ 38. Kxe1 bxc4 39. Bxc4 Rxc4 40. Rxc4 Rxc4 0-1

[Event "AUS-ch Minor"]
[Site "Cammeray"]
[Date "2013.01.06"]
[Round "5"]
[White "Gu, Theresa"]
[Black "Wang, Chong"]
[Result "1-0"]
[WhiteElo "1241"]
[BlackElo "1187"]
[PlyCount "95"]
[EventDate "2013.01.02"]
[EventType "swiss"]
[EventRounds "11"]
[EventCountry "AUS"]
[SourceTitle "EXT 2022"]
[Source "ChessBase"]
[SourceDate "2021.10.06"]
[SourceVersion "1"]
[SourceVersionDate "2021.10.06"]
[SourceQuality "1"]

1. e4 Nf6 2. Nc3 d5 3. e5 Ne4 4. d4 e6 5. Bd3 Nxc3 6. bxc3 c5 7. Nf3 Nc6 8. Be3 Qa5 9. Qd2 cxd4 10. Bxd4 b5 11. 0-0 Qa4 12. Rfb1 a6 13. Qf4 h6 14. Be3 Qxf4 15. Bxf4 g5 16. Bg3 Bg7 17. Re1 Na5 18. Nd4 Bd7 19. h3 Ke7 20. Nb3 Nc4 21. Nc5 Rhc8 22. Nxd7 Kxd7 23. a4 f6 24. axb5 axb5 25. Rab1 Rab8 26. exf6 Bxf6 27. Bxb8 Rxb8 28. Bxc4 dxc4 29. Re3 Rb6 30. Kh2 Kd6 31. Ra1 Kc5 32. Rb1 Rd6 33. Rbe1 e5 34. Kg3 Rd2 35. R1e2 Rxe2 36. Rxe2 Kd5 37. Kg4 e4 38. Re3 Bxc3 39. Rxc3 Kd4 40. Re3 b4 41. Kf5 b3 42. cxb3 c3 43. Rxe4+ Kd3 44. Re3+ Kd2 45. Rxc3 Kxc3 46. Kg6 Kxb3 47. Kxh6 Kc3 48. Kxg5 1-0

[Event "AUS-ch Minor"]
[Site "Cammeray"]
[Date "2013.01.02"]
[Round "1"]
[White "Schwandl, Hans"]
[Black "Wang, Chong"]
[Result "1-0"]
[WhiteElo "1431"]
[BlackElo "1187"]
[PlyCount "25"]
[EventDate "2013.01.02"]
[EventType "swiss"]
[EventRounds "11"]
[EventCountry "AUS"]
[SourceTitle "EXT 2022"]
[Source "ChessBase"]
[SourceDate "2021.10.06"]
[SourceVersion "1"]
[SourceVersionDate "2021.10.06"]
[SourceQuality "1"]

1. e4 Nf6 2. Nc3 d5 3. exd5 Nxd5 4. Nxd5 Qxd5 5. d4 Nc6 6. c3 Bf5 7. Nf3 e5 8. Be3 Bg4 9. Be2 exd4 10. Bxd4 Nxd4 11. Qxd4 0-0-0 12. Qxg4+ Kb8 13. Rd1 1-0